000 00312nam a22001337a 4500
008 171005b xxu||||| |||| 00| 0 eng d
020 _a9780121012656
041 _aeng
080 _26TH
_a159.9
100 _a49
101 _aPSI
245 _aHANDBOOK OF THE PSYCHOLOGY OF AGING
_cBIRREN,J,E
942 _2udc
_cBK
999 _c32002
_d32002